Theory of program structures : schemes, semantics verification
Guardado en:
| Autor principal: | |
|---|---|
| Formato: | Libro |
| Lenguaje: | inglés |
| Publicado: |
Berlin :
Springer Verlag,
1986
|
| Colección: | Lecture Notes in Computer Science
36 |
| Etiquetas: |
Sin Etiquetas, Sea el primero en etiquetar este registro!
|
MARC
| LEADER | 00000nam a22000003a 4500 | ||
|---|---|---|---|
| 001 | stu86263 | ||
| 005 | 20201020163107.7 | ||
| 008 | 040427s1986------------------------eng-d | ||
| 040 | |a STU |b slo | ||
| 041 | 0 | |a eng | |
| 080 | |a 681.32.06 | ||
| 100 | 1 | |a Greibach, Sheife A. |4 aut | |
| 245 | 1 | |a Theory of program structures : |b schemes, semantics verification | |
| 260 | |a Berlin : |b Springer Verlag, |c 1986 | ||
| 300 | |a preruš. str | ||
| 830 | 0 | |a Lecture Notes in Computer Science |v 36 | |
| 996 | |c I*Z3255 |l I |s A |a 24 |w stu86263_0001 | ||